| 000 | 00590nam a2200193Ia 4500 | ||
|---|---|---|---|
| 003 | GCL | ||
| 008 | 140319s9999 xx 000 0 ara d | ||
| 040 |
_aGCL / _cGCL |
||
| 082 | 0 | 4 |
_a896.6762 _bع ل |
| 100 | 1 | _aجيمس نجوجى | |
| 245 | 1 | 0 |
_aلا تبك ياولدى (هدية من الاديب عبدالفتاح الجمل) / _cجيمس نجوجى |
| 700 | 1 | _aعبدالحميد القتازانى | |
| 300 | _a236 ص | ||
| 490 | _a | ||
| 650 | 0 | 4 | _aالادب الافريقى |
| 650 | 0 | 4 | _aالقصص الكينى |
| 650 | 0 | 4 | _aالقصة المترجمة |
| 942 |
_2ddc _cBK |
||
| 999 |
_c38453 _d38453 |
||